000 00498nam a2200193Ia 4500
005 20250423094358.0
008 250422s9999 xx 000 0 und d
020 _a9781412969666
050 _aHQ 1064.U5 .M66/
100 _aMoody, Harry R.
245 0 _aAging : concepts and controversies
250 _a6th ed.
260 _aUnited State
260 _bPine forge press
260 _c2010
300 _a503 p
650 _aGerontology--United States. Aging--United States.
942 _cBK
999 _c27060
_d27060